The Pluralist Theory of the State / Selected Readings of G. D. H. Cole, J. N. Figgis, and H. J. Laski (Record no. 2471)
[ view plain ]
| 000 -LEADER | |
|---|---|
| fixed length control field | 01228cam a22001934a 4500 |
| 005 - ΗΜΕΡΟΜΗΝΙΑ ΚΑΙ ΩΡΑ ΤΕΛΕΥΤΑΙΑΣ ΕΝΗΜΕΡΩΣΗΣ | |
| Πεδίο ελέγχου | 20250605164043.0 |
| 008 - FIXED-LENGTH DATA ELEMENTS--GENERAL INFORMATION | |
| Πεδίο ελέγχου σταθερού μήκους | 250528s ||||||||||||||||||||||||d |
| 035 ## - SYSTEM CONTROL NUMBER | |
| System control number | 17031 |
| 020 ## - ISBN | |
| ISBN | 415033713 |
| 040 ## - ΠΗΓΗ ΚΑΤΑΛΟΓΟΓΡΑΦΗΣΗΣ | |
| Φορέας πρωτότυπης καταλογογράφησης | MC Athens Campus Library |
| Γλώσσα καταλογογράφησης | Ελληνικά, Μοντέρνα (1453-) |
| Modifying agency | MC Athens Campus Library |
| Κανόνες περιγραφικής καταλογογράφησης | AACR2 |
| 245 1# - ΤΙΤΛΟΣ ΚΑΙ ΔΗΛΩΣΗ ΥΠΕΥΘΥΝΟΤΗΤΑΣ | |
| Τίτλος | The Pluralist Theory of the State / Selected Readings of G. D. H. Cole, J. N. Figgis, and H. J. Laski |
| 260 ## - PUBLICATION, DISTRIBUTION, ETC. | |
| Name of publisher, distributor, etc. | Rouledge, |
| Date of publication, distribution, etc. | 1993 |
| 300 ## - PHYSICAL DESCRIPTION | |
| Extent | 240 |
| 520 ## - SUMMARY, ETC. | |
| Summary, etc. | This timely book represents the lost tradition of English Pluralism in a manner which not only makes it clearly available, but a decisive challenge to democratic thought. Introduction, The Social Theory by G. D. H. Cole, Some Names and Their Meaning, The Principle of Function, The State and Inclusive Association, Democracy and Representation, Government and Legislation, Coercion and Co-Ordination, Churches in the Modern State by J. N. Figgis, The Great Leviathan, The Foundations of Sovereignty and Other Essays by H. J. Laski, The Problem of Administrative Areas, The Personality of Associations, The Pluralistic State, Studies in Law and Politics by H. J. Laski, Law and the State, Bibliography, Index. |
| 700 1# - ΠΡΟΣΘΕΤΗ ΑΝΑΓΡΑΦΗ--ΦΥΣΙΚΟ ΠΡΟΣΩΠΟ | |
| Personal name | Hirst Paul |
| 9 (RLIN) | 1796 |
| 942 ## - ADDED ENTRY ELEMENTS (KOHA) | |
| Koha item type | Books |
| Τύπος τεκμηρίου | Βιβλιοθήκη | Τρέχουσα τοποθεσία | Barcode | Αριθμός εισαγωγής | Ημερομηνία απόκτησης | Ταξιθετικό σύμβολο | Αριθμός αντιτύπου | Κατάσταση απόσυρσης | Κατάσταση χαμένου | Κατάσταση κατεστραμμένου | Μη δανεισμός | Σύνολο δανεισμών | Ημερομηνία τελευταίας εμφάνισης | Η τιμή ισχύει από |
|---|---|---|---|---|---|---|---|---|---|---|---|---|---|---|
| Books | MC Athens Campus Library | MC Athens Campus Library | 9780000024701 | 6844 | 05/06/2025 | 320/.01/1 HIR | 1 | 05/06/2025 | 05/06/2025 |